| 000 | 00856cam a22002534a 4500 | ||
|---|---|---|---|
| 001 | 13297068 | ||
| 005 | 20130930150436.0 | ||
| 008 | 030731s2004 mauab b 001 0 eng | ||
| 010 | _a 2003059363 | ||
| 020 | _a0262182343 | ||
| 020 | _a9780262182348 | ||
| 082 | 0 | 0 |
_a337 _222 _bROS |
| 100 | 1 |
_aRosser, John Barkley, _d1948- _933812 |
|
| 245 | 1 | 0 |
_aComparative economics in a transforming world economy / _cJ. Barkley Rosser, Jr., Marina V. Rosser. |
| 250 | _a2nd ed. | ||
| 260 |
_aCambridge, Mass. : _bMIT Press, _cc2004. |
||
| 300 |
_ax, 646 p. : _bill., maps ; _c24 cm. |
||
| 504 | _aIncludes bibliographical references and index. | ||
| 650 | 0 |
_aComparative economics. _933813 |
|
| 650 | 0 |
_aInternational economic relations. _933814 |
|
| 653 |
_bEco _cSeptember2013 |
||
| 700 | 1 |
_aRosser, Marina V. _q(Marina Vschernaya) _933815 |
|
| 942 |
_2ddc _cBB |
||
| 999 |
_c17573 _d17545 |
||